000 00326nam a2200121Ia 4500
008 220204s9999 xx 000 0 und d
082 _a576.535:63
_bCON
245 0 _aCloning agricultural plants via in vitro techniques
260 _aFlorida
_bCRC
_c1981
650 _aIn vitro techniques
700 _aConger, B V
942 _cBK
999 _c38135
_d38135